[Event "Tenerife-chT Primera"]
[Site "Tenerife"]
[Date "2022.05.28"]
[Round "14.4"]
[White "Perez Garcia, Saul"]
[Black "Palmes Diaz, Brittany"]
[Result "1-0"]
[WhiteElo "1779"]
[BlackElo "1354"]
[PlyCount "97"]
[EventDate "2022.01.29"]
[EventType "team-tourn"]
[EventRounds "14"]
[EventCountry "ESP"]
[SourceTitle "EXT 2024"]
[Source "ChessBase"]
[SourceDate "2023.10.10"]
[SourceVersion "1"]
[SourceVersionDate "2023.10.10"]
[SourceQuality "1"]
[WhiteTeam "Caissa Enroque"]
[BlackTeam "Playa San Juan"]
[WhiteTeamCountry "ESP"]
[BlackTeamCountry "ESP"]

1. d4 c5 2. Nf3 cxd4 3. g3 g6 4. Bg2 Bg7 5. Nxd4 Nc6 6. Nb3 Nf6 7. 0-0 0-0 8. Nc3 Re8 9. e4 d6 10. Re1 Ng4 11. Nd5 e6 12. Nf4 Nge5 13. Qe2 b6 14. Be3 Bb7 15. a4 Qc7 16. c3 a5 17. Nd4 Qd7 18. Nb5 Qd8 19. Red1 Ba6 20. Nh3 h5 21. Rd2 Re7 22. Rad1 Rd7 23. f3 Ne7 24. Bf1 d5 25. Qf2 Rb8 26. exd5 Nxd5 27. Bd4 Qe7 28. c4 Nb4 29. Be2 Nbc6 30. Bxb6 Rxd2 31. Rxd2 Qb4 32. Rd6 Rxb6 33. Qxb6 Qe1+ 34. Bf1 Nxf3+ 35. Kg2 Nd2 36. Qf2 Qe4+ 37. Kg1 Bxb5 38. Qxd2 Bd4+ 39. Rxd4 Nxd4 40. Ng5 Bxa4 41. Nxe4 Nf3+ 42. Kf2 Nxd2 43. Nxd2 Kf8 44. Ke3 f5 45. Kf4 Kf7 46. h4 Kf6 47. Nf3 Bc6 48. Ne5 Ba4 49. c5 1-0

[Event "Tenerife-chT Primera"]
[Site "Tenerife"]
[Date "2022.02.19"]
[Round "4.4"]
[White "Bernardez Gonzalez, Roberto"]
[Black "Perez Garcia, Saul"]
[Result "1/2-1/2"]
[WhiteElo "1633"]
[BlackElo "1779"]
[PlyCount "196"]
[EventDate "2022.01.29"]
[EventType "team-tourn"]
[EventRounds "14"]
[EventCountry "ESP"]
[SourceTitle "EXT 2024"]
[Source "ChessBase"]
[SourceDate "2023.10.10"]
[SourceVersion "1"]
[SourceVersionDate "2023.10.10"]
[SourceQuality "1"]
[WhiteTeam "Ebano Barrio Nuevo II"]
[BlackTeam "Caissa Enroque"]
[WhiteTeamCountry "ESP"]
[BlackTeamCountry "ESP"]

1. e4 c5 2. Nf3 e6 3. d4 cxd4 4. Nxd4 a6 5. Bd3 Bc5 6. Nb3 Be7 7. Nc3 Qc7 8. Qe2 d6 9. 0-0 Nf6 10. f4 Nc6 11. a4 b6 12. Be3 Bb7 13. Rae1 0-0 14. e5 dxe5 15. fxe5 Qxe5 16. Bxb6 Bd6 17. g3 Qxe2 18. Bxe2 Nb4 19. Na5 Rab8 20. Nxb7 Rxb7 21. a5 Nxc2 22. Bxa6 Rxb6 23. axb6 Nxe1 24. Rxe1 Bc5+ 25. Kg2 Bxb6 26. Kf3 g6 27. b4 Ra8 28. b5 Ba5 29. Rc1 Rd8 30. Ke2 Kf8 31. Rc2 Ke7 32. Na4 Rd4 33. Nc5 Nd5 34. Nb3 Re4+ 35. Kf2 Bb6+ 36. Kg2 Rb4 37. Rb2 Nc3 38. Kf1 Ne4 39. Re2 Nc3 40. Rb2 Ne4 41. Re2 f5 42. Nd2 Nc3 43. Re1 Nxb5 44. Nc4 Bd4 45. Ne5 Bxe5 46. Rxe5 Nd4 47. Rc5 h5 48. Rc8 Rb2 49. h4 e5 50. Rg8 Kf6 51. Bc4 Rb7 52. Rf8+ Kg7 53. Rg8+ Kh6 54. Re8 Rc7 55. Rh8+ Kg7 56. Rg8+ Kh7 57. Bd5 Rd7 58. Bc4 Nf3 59. Ke2 e4 60. Re8 Kg7 61. Ke3 Ra7 62. Kf4 Rc7 63. Bd5 Rd7 64. Bc4 Kf6 65. Rf8+ Kg7 66. Rg8+ Kh7 67. Re8 Kh6 68. Rh8+ Rh7 69. Re8 Nh2 70. Bb5 Rc7 71. Re6 Rg7 72. Be8 Ng4 73. Bc6 Rg8 74. Be8 Nf2 75. Bb5 Nh3+ 76. Ke3 Rd8 77. Ke2 Ng1+ 78. Ke3 Kg7 79. Bc4 Rd7 80. Bb5 Rc7 81. Be8 Rc3+ 82. Kf2 Nh3+ 83. Kg2 Rxg3+ 84. Kxg3 Ng1 85. Bxg6 Ne2+ 86. Kf2 Nf4 87. Bxf5 Nxe6 88. Bxe6 Kh8 89. Ke3 Kg7 90. Kxe4 Kh8 91. Bf7 Kg7 92. Bxh5 Kh8 93. Kf5 Kg7 94. Kg5 Kh8 95. Kh6 Kg8 96. Bf7+ Kh8 97. Be8 Kg8 98. h5 Kh8 1/2-1/2

[Event "Tenerife-chT Segunda"]
[Site "Tenerife"]
[Date "2021.09.25"]
[Round "12.3"]
[White "Perez Garcia, Saul"]
[Black "Gonzalez Yanes, Elias"]
[Result "1-0"]
[WhiteElo "1771"]
[BlackElo "1323"]
[PlyCount "41"]
[EventDate "2021.02.27"]
[EventType "team-tourn"]
[EventRounds "13"]
[EventCountry "ESP"]
[SourceTitle "EXT 2023"]
[Source "ChessBase"]
[SourceDate "2022.10.05"]
[SourceVersion "1"]
[SourceVersionDate "2022.10.05"]
[SourceQuality "1"]
[WhiteTeam "Caissa Enroque"]
[BlackTeam "Al Shah Mat Los Realejos III"]
[WhiteTeamCountry "ESP"]
[BlackTeamCountry "ESP"]

1. d4 d5 2. c4 e6 3. Nc3 Nc6 4. Nf3 Nf6 5. Bg5 Be7 6. e3 h6 7. Bh4 a6 8. Rc1 g5 9. Bg3 Nh5 10. Bd3 Nb4 11. Be2 Nxg3 12. hxg3 f6 13. a3 Nc6 14. Qc2 f5 15. g4 dxc4 16. Bxc4 b5 17. Nxb5 Bd7 18. Bxe6 axb5 19. Qxf5 Bxe6 20. Qxe6 Qd6 21. Rxc6 1-0

[Event "Tenerife-chT Primera 1819"]
[Site "Tenerife"]
[Date "2019.01.12"]
[Round "4.3"]
[White "Marrero Martin, Manuel"]
[Black "Perez Garcia, Saul"]
[Result "0-1"]
[WhiteElo "1829"]
[BlackElo "1817"]
[PlyCount "30"]
[EventDate "2018.11.24"]
[EventType "team-tourn"]
[EventRounds "14"]
[EventCountry "ESP"]
[SourceTitle "CBM 189 Extra"]
[Source "ChessBase"]
[SourceDate "2019.06.03"]
[SourceVersion "1"]
[SourceVersionDate "2019.06.03"]
[SourceQuality "1"]
[WhiteTeam "El Sauzal Libreria Barco"]
[BlackTeam "Ebano Barrio Nuevo"]
[WhiteTeamCountry "ESP"]
[BlackTeamCountry "ESP"]

1. c4 Nf6 2. g3 g6 3. Bg2 d5 4. b3 Bg7 5. Bb2 c6 6. Nf3 Qb6 7. Qc2 Bf5 8. d3 Nbd7 9. Nbd2 0-0 10. 0-0 Rfe8 11. e4 dxe4 12. dxe4 Nxe4 13. Nh4 Nxf2 14. Nxf5 Nh3+ 15. Kh1 Qg1+ 0-1

[Event "Tenerife-chT Primera 1819"]
[Site "Tenerife"]
[Date "2018.12.01"]
[Round "2.1"]
[White "Mamani Beltran, Daniel"]
[Black "Perez Garcia, Saul"]
[Result "1-0"]
[WhiteElo "1894"]
[BlackElo "1817"]
[PlyCount "179"]
[EventDate "2018.11.24"]
[EventType "team-tourn"]
[EventRounds "14"]
[EventCountry "ESP"]
[SourceTitle "CBM 189 Extra"]
[Source "ChessBase"]
[SourceDate "2019.06.03"]
[SourceVersion "1"]
[SourceVersionDate "2019.06.03"]
[SourceQuality "1"]
[WhiteTeam "Fundacion La Caja de Canarias II"]
[BlackTeam "Ebano Barrio Nuevo"]
[WhiteTeamCountry "ESP"]
[BlackTeamCountry "ESP"]

1. d4 Nf6 2. c4 g6 3. Nc3 d5 4. cxd5 Nxd5 5. Bd2 Bg7 6. Nf3 0-0 7. Rc1 Nb6 8. Bf4 Be6 9. e3 c6 10. Be2 N8d7 11. Ng5 Bc4 12. Bxc4 Nxc4 13. b3 Ncb6 14. Nf3 Re8 15. 0-0 e5 16. Bg5 f6 17. Bh4 exd4 18. Nxd4 Qe7 19. Qc2 Qb4 20. Rfd1 Rac8 21. Bg3 Ne5 22. Nde2 Qe7 23. Nf4 Red8 24. Ne4 Nd5 25. Nxd5 cxd5 26. Qxc8 Rxc8 27. Rxc8+ Bf8 28. Rxd5 Qb4 29. Nxf6+ Kf7 30. h3 Kxf6 31. Bxe5+ Ke6 32. Bc3 Qb6 33. e4 Bb4 34. Bd4 Qa6 35. Re8+ Kf7 36. Rh8 Qxa2 37. Rxh7+ Ke6 38. Re5+ Kd6 39. Rh6 Bd2 40. Rxg6+ Kd7 41. Rd5+ Ke7 42. Rg7+ Ke6 43. Rxb7 Bf4 44. g3 Qb1+ 45. Kh2 Qxe4 46. Rdd7 Bd6 47. Bxa7 Qf3 48. Rg7 Bxg3+ 49. fxg3 Qe2+ 50. Kg1 Qe1+ 51. Kg2 Qe2+ 52. Bf2 Qe4+ 53. Kf1 Qh1+ 54. Ke2 Qe4+ 55. Be3 Qc2+ 56. Kf3 Qf5+ 57. Bf4 Qh5+ 58. Ke3 Qc5+ 59. Kd3 Qd5+ 60. Kc3 Qc5+ 61. Kb2 Qd4+ 62. Ka2 Qf2+ 63. Ka3 Qc5+ 64. b4 Qc3+ 65. Ka4 Qc6+ 66. b5 Qe4+ 67. Kb3 Qd3+ 68. Kb4 Qe4+ 69. Ka5 Qe1+ 70. Kb6 Qf2+ 71. Kc7 Qc5+ 72. Kb8 Qf8+ 73. Ka7 Qa3+ 74. Kb6 Qb4 75. Rbe7+ Kf5 76. Re5+ Kf6 77. Rc7 Qd4+ 78. Kb7 Qd3 79. b6 Qf3+ 80. Rc6+ Kf7 81. Rf5+ Kg8 82. Kc7 Qe4 83. Rg6+ Kh7 84. Rh6+ Kg8 85. b7 Qe7+ 86. Kb6 Qd8+ 87. Ka7 Kg7 88. Ra6 Qd7 89. Rc5 Kg8 90. Rc8+ 1-0